000 01194cam a2200373 a 4500
999 _c529
_d529
001 4882468
003 ALUPE UNIVERSITY
005 20210615080121.0
008 100927s2011 onc 001 0 eng
016 _a20109065069
020 _a9780176502423 :
035 _aocn670421211
040 _aCaOONL
_beng
_cALUPE UNIVERSITY
043 _an-cn---
050 _aHB172.5
_b.H86 2012
055 0 _aHB172.5
_b.H86 2012
082 0 _a339
_222
090 _aHB 172 P753 2011
_bAEU
090 _aHB 172.5 M363 2011
_bAFMK
100 1 _aMankiw, N. Gregory.
245 1 0 _aPrinciples of macroeconomics /
_cN. Gregory Mankiw, Ronald D. Kneebone, Kenneth J. McKenzie.
250 _a5th Canadian ed.
260 _aToronto :
_bNelson Education,
_cc2011, 2008.
300 _axxix, 469 p. :
_bcol. ill. ;
_c26cm.
336 _atext
_btxt
_2rdacontent
337 _aunmediated
_bn
_2rdamedia
338 _avolume
_bnc
_2rdacarrier
500 _aIncludes index.
650 0 _aMacroeconomics
_vTextbooks.
650 0 _aMacroeconomics
_zCanada
_vTextbooks.
700 1 _aKneebone, Ronald D.
_q(Ronald David),
_d1955-
700 1 _aMcKenzie, Kenneth J.
_q(Kenneth James),
_d1959-
942 _2lcc
_cBK
_nDO